| 000 | 00411nam a22001697a 4500 | ||
|---|---|---|---|
| 005 | 20160630164833.0 | ||
| 008 | 160630b xxu||||| |||| 00| 0 eng d | ||
| 020 | _a978-93-5014-219-6 | ||
| 041 | _aeng | ||
| 082 | _b17259 | ||
| 100 |
_aSaharabudha, S R _93333 |
||
| 245 | _aIrrigation Engineering | ||
| 260 |
_bS.K. Kataria & Sons _c2012 |
||
| 300 | _a429 | ||
| 650 |
_aDiploma Engineering _9817 |
||
| 942 | _cBK | ||
| 999 |
_c4980 _d4978 |
||